000 02960nab a22006617a 4500
003 AR-RoUNA
022 _a450302075
040 _aAR-RoUNA
_bspa
041 _aspa
044 _aag
245 _amatéricos periféricos :
_n Nº18
300 _a189 p. :
_bCortes
_bplantas
_bplanos
_bCroquis
_c25x18 cm
505 0 _tINDICE
505 0 _aValderrama Ana/ Prologo. p. 8
505 0 _t1 EDITORIAL
505 0 _t2 PENSAMIENTO Y PROYECTO.
505 0 _aRabazas Antonio / Comencemos a caminar. p. 14
505 0 _aAppiani Luis - Lo Giudice Roberto/ Correspondencia con Caveri. p. 16
505 0 _aAppiani Luis/ Imágenes de la Avenida. p. 22
505 0 _aAppiani Luis - Franco Enrique / Espacio, construcción y deseo. p. 26
505 0 _aConversación con Luis Appiani y Marcelo Barrale / Arquitectura y Periferia. p. 32
505 0 _aBarrale Julían/ Cuerpo espacial: 6 mil ks. p. 38
505 0 _aWallace Verónica/ El desplazamiento como proceso de reinterpretación una aproximación a la cultura de train hopping. p. 50
505 0 _aSantiago Estefanía/ Investigaciones sobre la ruina. p. 62
505 0 _aCabane Tomás/ Llenad mi cuerpo de piedras (una experiencia pasoliliana). p. 70
505 0 _aGutiérrez Bernardo / Por una vida sin torniquetes. p. 82
505 0 _aBañón Pilar/ Paseo en EMT/ Espacios de cotidianeidad; sentido de espacio a través del tránsito. p. 98
505 0 _aBarrale Julián/ Ser ciudad. p. 110
505 0 _aBaima Juan/ Cartografías del territorio extendido. p. 118
505 0 _aGonzález Jessica/ La dimensión hipertestésica de la ciudad. p. 138
505 0 _aMiranda Pastor/ Los residuos como hechos significantes de los márgenes urbanos. p. 146
505 0 _aBarrale Julían. Aldana Moine/ Upside Down: la deriva como técnica para vivir en prosa. p. 154
505 0 _aBaima Juan/ Cartografías del espacio hibrido. p. 168
505 0 _aEl cuerpo como vehículo de registro/ Jongeleen Jeroen - Running in Circles/ Espacio locativo. p. 170
505 0 _aTrazabilidad. p. 173
505 0 _aOperaciones meriadoras. p. 178
505 0 _aConexiones. p. 179
505 0 _aAlgoritmo / El espacio Postlocativo. p. 182
505 0 _aCognitivo/. p. 188
600 0 _earq
_98051
600 0 _aBarrale, Marcelo
_d1952-
_earq
_94157
600 0 _98087
_aAppiani, Luis
600 0 _aElías, Javier
_earq
_93849
600 0 _earq
_93900
600 0 _earq
_96516
600 0 _aValderrama, Ana María
_earq
_93184
600 0 _earq
_98102
600 0 _aDominguez, Lidia Godoy de
_earq
_98103
650 0 _aViviendas Sociales
_9121
650 0 _aPeriferia
_9174
651 0 _aRosario (Santa Fe, Argentina)
_91246
773 0 _amatéricos periféricos
_dRosario, Santa Fe
_gnº18 ( 2025) p. 189
_x450302075
856 _uhttp://www.matericosweb.com/revistas
908 _aImp
942 _2udc
_cART
945 _aMBP
_d2017-08-04
980 _gCRON CRON
_61
_aMaricel Allasia
_8
999 _c12222
_d12222